Répertoire de fleurons sur bandeaux de lampes Africaines type Hayes II /
A comprehensive repertory of the stamps decorating the rims of Christian African lamps. This volume will be an indispensable tool to Mediterranean archaeologists for identifying even small fragments of lamps.
المؤلف الرئيسي:
مؤلفون آخرون:
التنسيق: كتاب الكتروني
اللغة: French
منشور في:
Oxford :
Archaeopress Publishing Ltd,
[2015]
الموضوعات:
الوصول للمادة أونلاين: Login to view Source
الوسوم: إضافة وسم
رقم الطلب: DT13
| LEADER | 01687nam a2200397 i 4500 | ||
|---|---|---|---|
| 001 | EDZ0001353201 | ||
| 003 | StDuBDS | ||
| 005 | 20230412181558.0 | ||
| 006 | m|||||o||d|||||||| | ||
| 007 | cr ||||||||||| | ||
| 008 | 160314t20152015enka fob 000|0|fre|d | ||
| 020 | |a 9781784911577 (PDF ebook) : |c £34.00 | ||
| 040 | |a StDuBDS |b eng |c StDuBDS |e rda |e pn | ||
| 050 | 4 | |a DT13 | |
| 082 | 0 | 4 | |a 939.78 |2 23 |
| 100 | 1 | |a Bussière, Jean, |e author. | |
| 245 | 1 | 0 | |a Répertoire de fleurons sur bandeaux de lampes Africaines type Hayes II / |c Jean Bussière et Jean Claude Rivel. |
| 264 | 1 | |a Oxford : |b Archaeopress Publishing Ltd, |c [2015] | |
| 264 | 4 | |c ©2015 | |
| 300 | |a 1 online resource : |b illustrations (black and white) | ||
| 336 | |a text |2 rdacontent | ||
| 336 | |a still image |2 rdacontent | ||
| 337 | |a computer |2 rdamedia | ||
| 338 | |a online resource |2 rdacarrier | ||
| 504 | |a Includes bibliographical references. | ||
| 520 | 8 | |a A comprehensive repertory of the stamps decorating the rims of Christian African lamps. This volume will be an indispensable tool to Mediterranean archaeologists for identifying even small fragments of lamps. | |
| 521 | |a Specialized. | ||
| 588 | |a Description based on online resource; title from home page (viewed on March 14, 2016). | ||
| 650 | 0 | |a Lamps, Ancient |z Africa. | |
| 651 | 0 | |a Africa |x Antiquities. | |
| 700 | 1 | |a Rivel, Jean-Claude, |e illustrator. | |
| 776 | 0 | 8 | |i Print version : |z 9781784911560 |
| 856 | 4 | 0 | |3 Archaeopress |u http://library.arce.org:8087/Archaeopress/Products/9781784911560 |
| 942 | |2 lcc |c EBOOK | ||
| 952 | |0 0 |1 0 |4 0 |6 DT0013 |7 1 |9 46075 |a ARCH |b ARCH |d 2023-04-12 |l 0 |o DT13 |r 2023-04-12 00:00:00 |w 2023-04-12 |y EBOOK | ||
| 999 | |c 51733 |d 51733 | ||
